Personality in industry : The human side of a Japanese enterprise
Enregistré dans:
| Auteur principal: | |
|---|---|
| Format: | Livre |
| Langue: | Undetermined |
| Publié: |
London
Pinter Publishers
1988
|
| Sujets: | |
| Tags: |
Ajouter un tag
Pas de tags, Soyez le premier à ajouter un tag!
|
| Thư viện lưu trữ: | Trung tâm Học liệu Trường Đại học Cần Thơ |
|---|
| LEADER | 00541nam a2200205Ia 4500 | ||
|---|---|---|---|
| 001 | CTU_85954 | ||
| 008 | 210402s9999 xx 000 0 und d | ||
| 082 | |a 658.00952 | ||
| 082 | |b T161 | ||
| 100 | |a Tanaka, Hiroshi | ||
| 245 | 0 | |a Personality in industry : | |
| 245 | 4 | |b The human side of a Japanese enterprise | |
| 245 | 0 | |c Hiroshi Tanaka | |
| 260 | |a London | ||
| 260 | |b Pinter Publishers | ||
| 260 | |c 1988 | ||
| 650 | |a Management | ||
| 650 | |z Japan | ||
| 904 | |i Năm | ||
| 980 | |a Trung tâm Học liệu Trường Đại học Cần Thơ | ||